00261 a2200109 4500001000700000020000600007040001100013100002700024240004800051245004300099362000900142168334 a  cMagnum aCastellani Filho, Lino10aPolitica educacional e educacao fisicalpor10aPolitica educacional e educacao fisica0 a1899